Famous Spaniards by picture - Statistics

General Stats
  • This quiz has been taken 129 times
  • The average score is 8 of 15
Answer Stats
Picture Answer % Correct
Penelope Cruz
87%
Rafa Nadal
86%
Antonio Banderas
78%
Javier Bardem
75%
Julio Iglesias
75%
Enrique Iglesias
71%
Fernando Alonso
66%
Pedro Almodovar
61%
Pau Gasol
55%
Rosalia
41%
Pedro Duque
29%
Elsa Pataky
28%
Jose Andres
25%
Paz Vega
24%
Andres Velencoso
22%
No matching quizzes found
Score Distribution
Percent of People with Each Score
Percentile by Number Answered
Your Score History
You have not taken this quiz